000 004130000a22001690004500
003 MACL
005 20151229171305.0
008 151229b xxu||||| |||| 00| 0 eng d
040 _aMACL
_cMACL
041 _aEnglish
082 _a200/ARU
100 _aArundale, George s.
_924380
245 _aNirvana
260 _bTheosophical Publishing House
_c1927
650 _aReligion
_924381
942 _cBK
_k200/Aru
_2ddc
999 _c34850
_d34850